Philosophy For Beginners / (Record no. 48239)
| 000 -LEADER | |
|---|---|
| fixed length control field | 00368nam a2200109 4500 |
| 020 ## - INTERNATIONAL STANDARD BOOK NUMBER | |
| International Standard Book Number | 9781474950886 |
| 100 ## - MAIN ENTRY--PERSONAL NAME | |
| Personal name | Akpojaro, Jordan, |
| Relator term | author. |
| 9 (RLIN) | 82814 |
| 245 ## - TITLE STATEMENT | |
| Title | Philosophy For Beginners / |
| Remainder of title | written by Jordan Akpojaro. Illustrated by Nick Radford. |
| 260 ## - PUBLICATION, DISTRIBUTION, ETC. (IMPRINT) | |
| Place of publication, distribution, etc | London, England: |
| Name of publisher, distributor, etc | Usborne ; |
| Date of publication, distribution, etc | 2020. |
| 300 ## - PHYSICAL DESCRIPTION | |
| Extent | 127 apges. |
| Dimensions | 0.67 x 6.89 x 9.72 inches. |
| 942 ## - ADDED ENTRY ELEMENTS (KOHA) | |
| Source of classification or shelving scheme | |
| Koha item type | Book |
| Withdrawn status | Lost status | Source of classification or shelving scheme | Damaged status | Not for loan | Home library | Current library | Date acquired | Total Checkouts | Full call number | Barcode | Checked out | Date last seen | Date checked out | Price effective from | Koha item type |
|---|---|---|---|---|---|---|---|---|---|---|---|---|---|---|---|
| Logos International School | Logos International School | 01/28/2025 | 11 | J 100 AKP | 040294 | 05/08/2026 | 04/30/2026 | 04/30/2026 | 01/28/2025 | Book |